Las relaciones internacionales en el final de la autosuficiencia de las universidades
Furkejuvvon:
| Váldodahkki: | |
|---|---|
| Materiálatiipa: | Girji |
| Giella: | Spanish |
| Almmustuhtton: |
San José, C.R.
1995
|
| Fáttát: | |
| Fáddágilkorat: |
Lasit fáddágilkoriid
Eai fáddágilkorat, Lasit vuosttaš fáddágilkora!
|
MARC
| LEADER | 00000nam a2200000Ia 4500 | ||
|---|---|---|---|
| 003 | 000521 | ||
| 005 | 20221231143844.0 | ||
| 008 | 140116s1995 cr a 000 ||spa d | ||
| 040 | |c cru CEDI | ||
| 082 | |a 378.155 F361r | ||
| 100 | |a Fermoso García, Julio, 1948- |9 20455 | ||
| 245 | |a Las relaciones internacionales en el final de la autosuficiencia de las universidades | ||
| 260 | |c 1995 |a San José, C.R. | ||
| 300 | |c 58 páginas | ||
| 500 | |a A la cabeza de la portada: Universidad de Costa Rica, Leccin̤ Inaugural Curso Lectivo 1995 | ||
| 650 | |x UNIVERSIDADES |9 20456 | ||
| 942 | |2 ddc |c BK | ||
| 999 | |c 13280 |d 13280 | ||
